[Event "Gjøvik GM Swiss"]
[Site "Gjøvik, Norway"]
[Date "2009.01.01"]
[Round "4"]
[White "Hobber, Anders"]
[Black "Tofte, Sondre Waage"]
[Result "1/2-1/2"]
[WhiteElo "1987"]
[BlackElo "2120"]
[PlyCount "97"]
[EventDate "2008.12.29"]
[SourceDate "2008.12.29"]

1. d4 Nf6 2. Nf3 e6 3. Bg5 d5 4. e3 c5 5. c3 Nc6 6. Nbd2 h6 7. Bh4 Bd6 8. Bd3
e5 9. dxe5 Nxe5 10. Nxe5 Bxe5 11. Nf3 Bc7 12. Qc2 O-O 13. Bh7+ Kh8 14. Bf5 Be6
15. g4 d4 16. O-O-O Qd5 17. Bxf6 Qxf3 18. Be7 Rfe8 19. Bxc5 dxc3 20. bxc3 Be5
21. Rhe1 Rac8 22. Bd4 Bxd4 23. Rxd4 Bxf5 24. gxf5 Re5 25. Red1 Rxf5 26. Rd8+
Rxd8 27. Rxd8+ Kh7 28. Rd2 g6 29. Qd1 Qc6 30. Rc2 b5 31. Qd4 a5 32. e4 Rf4 33.
Qd5 Qf6 34. h3 Rxf2 35. Rxf2 Qxf2 36. Qxb5 Qxa2 37. c4 Qa1+ 38. Kc2 a4 39. c5
Qe5 40. Qc4 Qh2+ 41. Kb1 Qf2 42. c6 a3 43. Qc3 Qf1+ 44. Ka2 Qe2+ 45. Kxa3 Qxe4
46. c7 Qa8+ 47. Kb3 Qb7+ 48. Kc2 Qg2+ 49. Kb3 1/2-1/2

[Event "Gjøvik GM Swiss"]
[Site "Gjøvik, Norway"]
[Date "2009.01.01"]
[Round "4"]
[White "Isgandarova, Khayala"]
[Black "Savchenko, Yuri"]
[Result "1-0"]
[WhiteElo "2206"]
[BlackElo "2081"]
[PlyCount "59"]
[EventDate "2008.12.29"]
[SourceDate "2008.12.29"]

1. e4 g6 2. d4 Bg7 3. Nc3 d6 4. f4 f5 5. Nf3 fxe4 6. Nxe4 d5 7. Nf2 c5 8. dxc5
Qa5+ 9. c3 Qxc5 10. Nd3 Qd6 11. Nde5 Nc6 12. Bb5 Nf6 13. Qa4 Bd7 14. Be3 O-O
15. Rd1 a6 16. Bxc6 bxc6 17. Qa5 Ng4 18. Bc5 Qe6 19. Nd4 Qf6 20. Nxd7 Qxf4 21.
Ne2 Qe4 22. Nxf8 Bf6 23. O-O Qxe2 24. Nd7 Be5 25. Rde1 Bxh2+ 26. Kh1 Nf2+ 27.
Kxh2 Qh5+ 28. Kg1 Ng4 29. Qc7 e5 30. Nf6+ 1-0

[Event "Gjøvik GM Swiss"]
[Site "Gjøvik, Norway"]
[Date "2009.01.01"]
[Round "4"]
[White "Larsen, Tor Kristian"]
[Black "Toma, Katarzyna"]
[Result "0-1"]
[WhiteElo "2109"]
[BlackElo "2230"]
[PlyCount "84"]
[EventDate "2008.12.29"]
[SourceDate "2008.12.29"]

1. Nf3 Nf6 2. c4 g6 3. Nc3 d5 4. Qa4+ Bd7 5. Qb3 dxc4 6. Qxc4 Bg7 7. e4 a6 8.
d4 b5 9. Qb3 c5 10. dxc5 Nc6 11. Bf4 Be6 12. Qd1 Qa5 13. Bd2 b4 14. Qa4 Qxa4
15. Nxa4 Nxe4 16. Be3 O-O 17. Bd3 Nf6 18. Ng5 Bf5 19. Bxf5 gxf5 20. Rd1 Rad8
21. O-O Nd5 22. Bc1 Nd4 23. Rfe1 e6 24. Nh3 a5 25. Kf1 Nc2 26. Bg5 f6 27. Bd2
Nxe1 28. Kxe1 e5 29. g3 Kf7 30. Ng1 Ke6 31. Ne2 Rb8 32. b3 Rfc8 33. Nc1 Bf8 34.
Nd3 Rb5 35. Rc1 Rc6 36. Rc4 e4 37. Nc1 Bxc5 38. Ne2 Kd7 39. f3 exf3 40. Nxc5+
Rbxc5 41. Rxc5 Rxc5 42. Nd4 Nc3 0-1

[Event "Gjøvik GM Swiss"]
[Site "Gjøvik, Norway"]
[Date "2009.01.01"]
[Round "4"]
[White "Przezdziecka, Marta"]
[Black "deMac, Elias"]
[Result "1/2-1/2"]
[WhiteElo "2327"]
[BlackElo "1993"]
[PlyCount "110"]
[EventDate "2008.12.29"]
[SourceDate "2008.12.29"]

1. d4 Nf6 2. Nf3 g6 3. c4 Bg7 4. Nc3 O-O 5. g3 d6 6. Bg2 Nbd7 7. O-O e5 8. e4
exd4 9. Nxd4 Re8 10. Re1 a6 11. h3 Rb8 12. f4 c5 13. Nc2 Nf8 14. Rb1 b5 15.
cxb5 axb5 16. b4 Nh5 17. Qf3 Ne6 18. Nd5 Bb7 19. Bb2 Bxb2 20. Rxb2 Bxd5 21.
exd5 Qf6 22. Rbb1 Nd4 23. Nxd4 Qxd4+ 24. Kh2 Rxe1 25. Rxe1 Qxb4 26. Re4 Qb2 27.
f5 Ra8 28. Re2 Qa1 29. g4 Nf6 30. g5 Nd7 31. fxg6 hxg6 32. Re7 Ne5 33. Qf6 Qxa2
34. Qxd6 Nf3+ 35. Kg3 Nxg5 36. Qf4 Ra3+ 37. Re3 Ne6 38. dxe6 Rxe3+ 39. Qxe3
Qxe6 40. Qxc5 Qf5 41. Qe7 Qe6 42. Qd8+ Kg7 43. Qd4+ Qf6 44. Qc5 Qf5 45. Qc3+
Qf6 46. Qb4 Qe5+ 47. Kf2 g5 48. Bf1 Qf4+ 49. Qxf4 gxf4 50. Bxb5 f5 51. Kf3 Kh8
52. Kxf4 Kh7 53. Kxf5 Kh8 54. Kg6 Kg8 55. Kf6 Kh8 1/2-1/2

[Event "Gjøvik GM Swiss"]
[Site "Gjøvik, Norway"]
[Date "2009.01.01"]
[Round "4"]
[White "Abasov, Nijat Azad"]
[Black "Stenersen, Gudmund"]
[Result "1/2-1/2"]
[WhiteElo "2363"]
[BlackElo "2189"]
[PlyCount "94"]
[EventDate "2008.12.29"]
[SourceDate "2008.12.29"]

1. e4 c5 2. Nf3 Nc6 3. d4 cxd4 4. Nxd4 Nf6 5. Nc3 e5 6. Ndb5 d6 7. Bg5 a6 8.
Na3 b5 9. Nd5 Be7 10. Bxf6 Bxf6 11. c3 Bg5 12. Nc2 O-O 13. a4 bxa4 14. Rxa4 a5
15. Bc4 Kh8 16. O-O f5 17. exf5 Bxf5 18. Bd3 g6 19. Rc4 Be6 20. Be4 Ne7 21. Qd3
Rb8 22. b4 Nxd5 23. Bxd5 Bf5 24. Qe2 Qd7 25. Ra1 Bxc2 26. Qxc2 axb4 27. cxb4
Bd8 28. f3 Bb6+ 29. Kh1 Qg7 30. Ra6 Qh6 31. g3 Qe3 32. Ra1 Bd4 33. Rb1 Rf5 34.
Qe4 Qxe4 35. Bxe4 Rf7 36. b5 Ra7 37. Rc6 Rb6 38. Bd5 Kg7 39. Bc4 Rab7 40. Rd1
d5 41. Be2 Rxc6 42. bxc6 Rc7 43. Bb5 Kf6 44. f4 Ke6 45. Kg2 Kd6 46. fxe5+ Bxe5
47. Rc1 Rf7 1/2-1/2

[Event "Gjøvik GM Swiss"]
[Site "Gjøvik, Norway"]
[Date "2009.01.01"]
[Round "4"]
[White "Mamedjarova, Zeinab"]
[Black "Prakken, Gerrit"]
[Result "1/2-1/2"]
[WhiteElo "2351"]
[BlackElo "2206"]
[PlyCount "30"]
[EventDate "2008.12.29"]
[SourceDate "2008.12.29"]

1. d4 f5 2. g3 Nf6 3. Bg2 e6 4. Nf3 Be7 5. Bf4 c6 6. Qd2 d5 7. h4 O-O 8. h5 Bd6
9. Bh3 Qe7 10. Nc3 b6 11. h6 g6 12. e3 Bb7 13. Bg5 Nbd7 14. a4 e5 15. Ne2 Rfe8
{Incomplete} 1/2-1/2